000 00379pab a2200145 454500
008 180718b xxu||||| |||| 00| 0 eng d
100 _aXaxa Virginius
245 _aIn the north east
362 _a(412), Dec 93, p.34-38
650 _a Tribes and Tribal Systeme -- India
650 _a Agriculture -- India
650 _aIrrigation -- India
773 _aSeminar
909 _a25539
999 _c25539
_d25539